000 01032cam a2200241 a 4500
001 15824048
003 OSt
005 20230602114507.0
008 090720s2009 ke a f000 0 eng
010 _a 2009349778
040 _aDLC
_cDLC
_dDLC
042 _alcode
043 _af-ke---
082 _a330.96762
_bGOK
245 0 0 _aEnd term review of the economic recovery strategy for wealth and employment creation (ERS), 2003-2007 /
_cRepublic of Kenya.
260 _aNairobi :
_bOffice of the Prime Minister, Ministry of State for Planning, National Development ,and Vision 2030, M&E Directorate,
_c2009.
300 _axii, 92 p. :
_bcol. ill. ;
_c25 cm.
651 0 _aKenya
_xEconomic policy.
710 1 _aKenya.
_bMinistry of State for Planning, National Development, and Vision 2030.
_bMonitoring and Evaluation Directorate.
906 _a7
_bcbc
_corigode
_d3
_encip
_f20
_gy-gencatlg
942 _2ddc
_cBK
999 _c108
_d108